000 01320nam a2200325 i 4500
001 69486
003 Mx-PuUPA
005 20220525084151.0
008 220521s2016 sp a|||fr|||| 00| 0 spa d
017 _aSE 2113-2016
020 _a9788447218905
040 _aMx-PuUPA
_bspa
_cMx-PuUPA
_dMx-PuUPA
_erda
041 0 _aspa
100 1 _aCova, Miguel Ángel de la,
_d1967-
_eautor
_912625
245 1 0 _aMaquetas de Le Corbusier :
_btécnicas, objetos y sujetos /
_cMiguel Ángel de la Cova Morillo-Velarde
264 _aSevilla :
_bEditorial Universidad de Sevilla,
_c2016
264 _a[España] :
_bInstituto Universitario de Arquitectura y Ciencias de la Construcción,
_c2016
300 _a201 páginas :
_bilustraciones (algunas a color) ;
_c21 cm
336 _2rdacontent
_atexto
_btxt
337 _2rdamedia
_asin medio
_bn
338 _2rdacarrier
_avolumen
_bnc
490 0 _aColección Textos de doctorado ; Serie Arquitectura ;
_v51
600 1 4 _aLe Corbusier,
_y1887-1965
_xCrítica e interpretación
650 7 _2armarc
_aMaquetas (Arquitectura)
_xHistoria
_ySiglo XX
650 7 _2armarc
_aMaquetas (Arquitectura)
942 _2ddc
_cLI
_h720.22
_iM2978
999 _c69486
_d69486